Murder in the Ferris-wheel; (Record no. 17970)
[ view plain ]
| 000 -LEADER | |
|---|---|
| fixed length control field | 00668cam a22002171 4500 |
| 001 - CONTROL NUMBER | |
| control field | ca 36000085 |
| 003 - CONTROL NUMBER IDENTIFIER | |
| control field | DLC |
| 005 - DATE AND TIME OF LATEST TRANSACTION | |
| control field | 20260227111139.0 |
| 008 - FIXED-LENGTH DATA ELEMENTS--GENERAL INFORMATION | |
| fixed length control field | 811005s1936 mau 000 0 eng |
| 010 ## - LIBRARY OF CONGRESS CONTROL NUMBER | |
| LC control number | ca 36000085 |
| 035 ## - SYSTEM CONTROL NUMBER | |
| System control number | (OCoLC)7817992 |
| 040 ## - CATALOGING SOURCE | |
| Original cataloging agency | DLC |
| Transcribing agency | InU |
| Modifying agency | OCoLC |
| -- | DLC |
| 042 ## - AUTHENTICATION CODE | |
| Authentication code | premarc |
| 050 00 - LIBRARY OF CONGRESS CALL NUMBER | |
| Classification number | PS3513.E563 |
| Item number | M7 1936 |
| 082 ## - DEWEY DECIMAL CLASSIFICATION NUMBER | |
| Classification number | 812.5 |
| 100 1# - MAIN ENTRY--PERSONAL NAME | |
| Personal name | George, Charles, |
| Dates associated with a name | 1893-1960. |
| 245 10 - TITLE STATEMENT | |
| Title | Murder in the Ferris-wheel; |
| Remainder of title | a murder-mystery play in one act, |
| Statement of responsibility, etc. | by Charles George. |
| 260 ## - PUBLICATION, DISTRIBUTION, ETC. | |
| Place of publication, distribution, etc. | Boston, Mass., |
| -- | Los Angeles, Cal. |
| Name of publisher, distributor, etc. | [Walter H. Baker company, |
| Date of publication, distribution, etc. | c1936] |
| 300 ## - PHYSICAL DESCRIPTION | |
| Extent | 31 p. |
| Other physical details | diagr. |
| Dimensions | 19 cm. |
| 490 0# - SERIES STATEMENT | |
| Series statement | Baker's plays for amateurs |
No items available.